Essays on economic transition. (Record no. 70918)

MARC details
000 -LEADER
fixed length control field 00683cam a22002411 4500
001 - CONTROL NUMBER
control field sa 66007090
003 - CONTROL NUMBER IDENTIFIER
control field DLC
005 - DATE AND TIME OF LATEST TRANSACTION
control field 20260227112301.0
008 - FIXED-LENGTH DATA ELEMENTS--GENERAL INFORMATION
fixed length control field 731101s1965 ii b 000 0 eng
010 ## - LIBRARY OF CONGRESS CONTROL NUMBER
LC control number sa 66007090
035 ## - SYSTEM CONTROL NUMBER
System control number (OCoLC)733354
040 ## - CATALOGING SOURCE
Original cataloging agency DLC
Transcribing agency OClU
Modifying agency OCoLC
-- DLC
042 ## - AUTHENTICATION CODE
Authentication code premarc
050 00 - LIBRARY OF CONGRESS CALL NUMBER
Classification number HC435
Item number .P36
082 ## - DEWEY DECIMAL CLASSIFICATION NUMBER
Classification number 330.954
100 1# - MAIN ENTRY--PERSONAL NAME
Personal name Patel, Surendra J.
245 10 - TITLE STATEMENT
Title Essays on economic transition.
Statement of responsibility, etc. Foreword by A. F. Ewing.
260 ## - PUBLICATION, DISTRIBUTION, ETC.
Place of publication, distribution, etc. Bombay, New York,
Name of publisher, distributor, etc. Asia Pub. House
Date of publication, distribution, etc. [1965]
300 ## - PHYSICAL DESCRIPTION
Extent xvi,279p.
Dimensions 22cm.
504 ## - BIBLIOGRAPHY, ETC. NOTE
Bibliography, etc. note Bibliographical footnotes.
651 #0 - SUBJECT ADDED ENTRY--GEOGRAPHIC NAME
Geographic name India
General subdivision Economic conditions
Chronological subdivision 1945-
651 #0 - SUBJECT ADDED ENTRY--GEOGRAPHIC NAME
Geographic name India
General subdivision Economic policy

No items available.

Powered by Koha